| 000 | 00865nam a22002777a 4500 | ||
|---|---|---|---|
| 001 | BS2023000537 | ||
| 003 | BR-BrBNA | ||
| 005 | 20231206141607.0 | ||
| 008 | 231206b bl.||||| |||| 00| 0 por d | ||
| 020 | _a85-7542-239-1 | ||
| 040 |
_aBR-BrBNA _bpor |
||
| 041 | _apor | ||
| 072 | _aE11 | ||
| 100 | 1 |
_4aut. _aEker, T. Harv. |
|
| 245 |
_aOs segredos da mente milionária : _baprenda a enriquecer mudando seus conceitos sobre o dinheiro e adotando os hábitos das pessoas bem-sucedidas / _cT. Harv Eker ; [tradução Pedro Jorgensen Junior]. - |
||
| 260 |
_aRio de Janeiro : _bSextante, _c2006. |
||
| 300 | _a175p. ; | ||
| 300 | _c21cm. | ||
| 500 | _aTradução de: Secrets of the millionaire mind. | ||
| 650 | _aPSICOLOGIA | ||
| 650 | _aRIQUEZA | ||
| 650 | _aSUCESSO | ||
| 909 |
_a202312 _bLayla |
||
| 942 | _cBK | ||
| 999 |
_c259863 _d259863 |
||